Women in India : (Record no. 9649)

MARC details
000 -LEADER
fixed length control field 01577cam a2200409 a 4500
001 - CONTROL NUMBER
control field 17103682
003 - CONTROL NUMBER IDENTIFIER
control field GBCCL
005 - DATE AND TIME OF LATEST TRANSACTION
control field 20241126110716.0
008 - FIXED-LENGTH DATA ELEMENTS--GENERAL INFORMATION
fixed length control field 110701s2011 ii b b 000 0 eng d
010 ## -
-- 2011351845
020 ## - INTERNATIONAL STANDARD BOOK NUMBER
International Standard Book Number 9788184651201 (pbk.)
020 ## - INTERNATIONAL STANDARD BOOK NUMBER
International Standard Book Number 8184651201 (pbk.)
025 ## - OVERSEAS ACQUISITION NUMBER
Overseas acquisition number I-E-2011-351845; 88-91; 70-91
035 ## - SYSTEM CONTROL NUMBER
System control number (OCoLC)ocn743481826
035 ## - SYSTEM CONTROL NUMBER
System control number (OCoLC)743481826
037 ## - SOURCE OF ACQUISITION
Stock number Library of Congress -- New Delhi Overseas Office
040 ## - CATALOGING SOURCE
Original cataloging agency DKAGE
Language of cataloging eng
Transcribing agency DKAGE
Modifying agency UKMGB
-- DLC
042 ## -
-- lccopycat
-- lcode
043 ## -
-- a-ii---
050 00 -
-- BT704
-- .A465 2011
082 04 - DEWEY DECIMAL CLASSIFICATION NUMBER
Classification number 261.8344
Edition information 23
Item number AMI
100 1# - MAIN ENTRY--PERSONAL NAME
Personal name Amirtham, Metti.
9 (RLIN) 16779
245 10 - TITLE STATEMENT
Title Women in India :
Remainder of title negotiating body, reclaiming agency /
Statement of responsibility, etc. Metti Amirtham.
260 ## - PUBLICATION, DISTRIBUTION, ETC.
Place of publication, distribution, etc. Delhi :
Name of publisher, distributor, etc. Indian Society for Promoting Christian Knowledge,
Date of publication, distribution, etc. 2017, 2011.
300 ## - PHYSICAL DESCRIPTION
Extent xxxiv, 195 p. :
Other physical details maps ;
Dimensions 22 cm.
490 0# - SERIES STATEMENT
Series statement Women's empowerment programme ;
Volume/sequential designation 23
504 ## - BIBLIOGRAPHY, ETC. NOTE
Bibliography, etc. note Includes bibliographical references (p. [181]-195).
520 ## - SUMMARY, ETC.
Summary, etc. Study conducted in Dindigul District of Tamil Nadu, India.
650 #0 - SUBJECT ADDED ENTRY--TOPICAL TERM
Topical term or geographic name entry element Theology
Geographic subdivision India
-- Dindigul Anna (District)
9 (RLIN) 16780
650 #0 - SUBJECT ADDED ENTRY--TOPICAL TERM
Topical term or geographic name entry element Feminism and Christianity
Geographic subdivision India
-- Dindigul Anna (District).
9 (RLIN) 16781
650 #0 - SUBJECT ADDED ENTRY--TOPICAL TERM
Topical term or geographic name entry element Women's rights
Geographic subdivision India
-- Dindigul Anna (District).
9 (RLIN) 16782
650 #0 - SUBJECT ADDED ENTRY--TOPICAL TERM
Topical term or geographic name entry element Sex discrimination against women
Geographic subdivision India
-- Dindigul Anna (District).
9 (RLIN) 16783
650 #0 - SUBJECT ADDED ENTRY--TOPICAL TERM
Topical term or geographic name entry element Feminism
Geographic subdivision India
-- Dindigul Anna (District).
9 (RLIN) 16784
906 ## - LOCAL DATA ELEMENT F, LDF (RLIN)
a 7
b cbc
c copycat
d 3
e ncip
f 20
g y-gencatlg
942 ## - ADDED ENTRY ELEMENTS (KOHA)
Source of classification or shelving scheme Dewey Decimal Classification
Koha item type Books
Holdings
Withdrawn status Lost status Source of classification or shelving scheme Damaged status Not for loan Home library Current Library Shelving location Date acquired Total checkouts Full call number Barcode Date last seen Copy number Price effective from Koha item type
    Dewey Decimal Classification     GRACE BIBLE COLLEGE GRACE BIBLE COLLEGE Ministry & Mission 2023-04-10   261.8344 AMI 016201 2025-05-01 c.1 2023-04-10 Books
© Grace Bible College Library 2025